Delincuencia sexual y populismo penal en Colombia = Sexual delinquency and penal populism in Colombia /
Guardado en:
| 主要作者: | |
|---|---|
| 格式: | Texto |
| 標簽: |
添加標簽
沒有標簽, 成為第一個標記此記錄!
|
MARC
| LEADER | 00000 a a2200000 04500 | ||
|---|---|---|---|
| 001 | 47877 | ||
| 003 | |||
| 040 | |||
| 100 | |a Velandia Montes, Rafael | ||
| 245 | |a Delincuencia sexual y populismo penal en Colombia = |b Sexual delinquency and penal populism in Colombia / |c Rafael Velandia Montes | ||
| 773 | |g número11, (2012): páginas 19-32 | ||
| 999 | |c 38052 |d 38052 | ||
